|
|
|
|
| LEADER |
00000nam0a2200000 4500 |
| 001 |
157384 |
| 005 |
20231101221948.0 |
| 010 |
|
|
|a 9785903090266
|
| 035 |
|
|
|a (RuTPU)RU\TPU\book\170711
|
| 090 |
|
|
|a 157384
|
| 100 |
|
|
|a 20090408d2009 m y0rusy50 ca
|
| 101 |
0 |
|
|a rus
|
| 102 |
|
|
|a RU
|
| 105 |
|
|
|a a j 001zy
|
| 200 |
1 |
|
|a Экономические основы управления инвестициями в объекты недвижимости
|e учебное пособие для вузов
|f М. Н. Малыш, Н. Б. Суховольская
|
| 205 |
|
|
|a 3-е изд., перераб. и доп.
|
| 210 |
|
|
|a СПб.
|c Проспект науки
|d 2009
|
| 215 |
|
|
|a 260 с.
|c ил.
|
| 320 |
|
|
|a Библиогр.: с. 257-259.
|
| 330 |
|
|
|a В книге рассмотрены теоретические и практические аспекты (понятийно-категорийный аппарат) недвижимости, классификация ее объектов, понятие их стоимости и оценки. Значительное внимание уделено сравнительному (рыночному), затратному и доходному подходам к оценке стоимости недвижимости, способам определения износа, оценке инвестиционной привлекательности объектов недвижимости, а также возможным рискам при инвестициях в недвижимость. В заключение предлагаются задачи для самостоятельного решения, а также перечень экзаменационных вопросов. Учебное пособие предназначено для студентов вузов, обучающихся по экономическим специальностям, аспирантов, руководителей и специалистов предприятий всех форм собственности, а также для широкого круга читателей, интересующихся проблемами отношений собственности и недвижимости.
|
| 606 |
1 |
|
|a Недвижимость
|x Экономика
|2 stltpush
|3 (RuTPU)RU\TPU\subj\67549
|9 83306
|
| 610 |
1 |
|
|a классификация
|
| 610 |
1 |
|
|a земельные участки
|
| 610 |
1 |
|
|a здания
|
| 610 |
1 |
|
|a предприятия
|
| 610 |
1 |
|
|a лесной фонд
|
| 610 |
1 |
|
|a недра
|
| 610 |
1 |
|
|a стоимость
|
| 610 |
1 |
|
|a водные объекты
|
| 610 |
1 |
|
|a оценка
|
| 610 |
1 |
|
|a доходный подход
|
| 610 |
1 |
|
|a валовая рента
|
| 610 |
1 |
|
|a дисконтирование
|
| 610 |
1 |
|
|a продажи
|
| 610 |
1 |
|
|a капитализация
|
| 610 |
1 |
|
|a затратный подход
|
| 610 |
1 |
|
|a сооружения
|
| 610 |
1 |
|
|a износ
|
| 610 |
1 |
|
|a инвестиции
|
| 610 |
1 |
|
|a инвестиционная привлекательность
|
| 610 |
1 |
|
|a инвестиционные риски
|
| 610 |
1 |
|
|a рынок недвижимости
|
| 610 |
1 |
|
|a задачи
|
| 610 |
1 |
|
|a тесты
|
| 610 |
1 |
|
|a учебные пособия
|
| 686 |
|
|
|a У9(2)422.5я73
|v LBC/SL-A
|2 rubbk
|
| 700 |
|
1 |
|a Малыш
|b М. Н.
|g Михаил Никифорович
|
| 701 |
|
1 |
|a Суховольская
|b Н. Б.
|g Наталия Борисовна
|
| 801 |
|
1 |
|a RU
|b 63413507
|c 20090408
|g PSBO
|
| 801 |
|
2 |
|a RU
|b 63413507
|c 20130110
|g RCR
|
| 900 |
|
|
|a Управление земельными ресурсами
|
| 900 |
|
|
|a Лесоводство
|
| 942 |
|
|
|c BK
|
| 959 |
|
|
|a 46/20090408
|d 1
|e 420,00
|f ЧЗГЛ:1
|